Diagnóstico de la Situación Agro-técnica de la Finca La Calera en el Cultivo del Plátano (MUSACEAS)
El presente trabajo está dirigido al estudio y análisis del cultivo del plátano en la Finca La Calera, está compuesta por capítulos, los que contiene las generalidades del cultivo, morfología del plátano, climatología de la zona en estudio, diagnóstico de los suelos de la zona, riego por mi...
| Main Authors: | , , |
|---|---|
| Other Authors: | |
| Format: | Tesis Section = Libro |
| Language: | Undetermined Spanish |
| Published: |
Managua
UNI
2002
|
| Subjects: |
| LEADER | 01267nam a2200241Ia 4500 | ||
|---|---|---|---|
| 008 | 240830s9999 xx 000 0 und d | ||
| 040 | |a BIBLIOTECA-RUPAP MON 634.773 C336 | ||
| 041 | |a spa | ||
| 082 | |a MON 634.773 C336 | ||
| 100 | 1 | |a Casco García, Grace del Socorro | |
| 100 | 1 | |b Pérez Miranda, Grizell Carolina. | |
| 100 | 1 | |c Ruíz Pérez, Lesbia Tomasa | |
| 245 | 1 | 0 | |a Diagnóstico de la Situación Agro-técnica de la Finca La Calera en el Cultivo del Plátano (MUSACEAS) |
| 260 | |a Managua |b UNI |c 2002 | ||
| 300 | |a 158 p. :il. | ||
| 500 | |a Contiene: índice de anexos, fotografías y láminas. | ||
| 502 | |a Tesis (Ingeniero Agrícola)- UNI, 2002. | ||
| 520 | 3 | |a El presente trabajo está dirigido al estudio y análisis del cultivo del plátano en la Finca La Calera, está compuesta por capítulos, los que contiene las generalidades del cultivo, morfología del plátano, climatología de la zona en estudio, diagnóstico de los suelos de la zona, riego por mini-aspersión subfoliar, la evaluación del diseño actual, así como, la propuesta agro-técnica de la explotación de la Finca. | |
| 650 | 7 | |a PLATANO - CULTIVO. | |
| 700 | 1 | |a Tutor: |b González Arias, Horacio José | |
| 942 | |c BK |2 ddc | ||
| 991 | |a TESIS | ||
| 999 | |c 16753 | ||